Los herederos : (Record no. 115902)

MARC details
000 -CABECERA
campo de control de longitud fija 00942nam a2200253 a 4500
005 - FECHA Y HORA DE LA ÚLTIMA TRANSACCIÓN
campo de control 20260204064125.0
008 - ELEMENTOS DE LONGITUD FIJA--INFORMACIÓN GENERAL
campo de control de longitud fija 060404s2004 ag r 000 0 spa d
020 ## - NÚMERO INTERNACIONAL NORMALIZADO PARA LIBROS
Número Internacional Estándar del Libro 987110555X
035 ## - NÚMERO DE CONTROL DEL SISTEMA
Número de control de sistema UPN01000143755
049 ## - COLECCIÓN
Colección CG
050 #4 - SIGNATURA TOPOGRÁFICA DE LA BIBLIOTECA DEL CONGRESO
Número de clasificación LC148
Número de documento/Ítem B6.3
100 1# - ASIENTO PRINCIPAL--NOMBRE PERSONAL
Nombre de persona Bourdieu, Pierre,
Fechas asociadas al nombre 1930-2002
245 14 - MENCIÓN DE TÍTULO
Título Los herederos :
Resto del título los estudiantes y la cultura /
Mención de responsabilidad, etc. Pierre Bourdieu y Jean-Claude Passeron ; tr. Marcos Mayer.
260 ## - PUBLICACIÓN, DISTRIBUCIÓN, ETC.
Lugar de publicación, distribución, etc. Buenos Aires :
Nombre del editor, distribuidor, etc. Siglo XXI,
Fecha de publicación, distribución, etc. 2004.
300 ## - DESCRIPCIÓN FÍSICA
Extensión xxxii, 189 p. :
Otras características físicas gráfs.
440 #0 - MENCIÓN DE SERIE/ASIENTO SECUNDARIO--TÍTULO
Título Sociología y política
534 ## - NOTA SOBRE LA VERSIÓN ORIGINAL
Frase introductoria Título original:
Mención de título del original Les héritiers : les étudiants et la culture
650 #4 - ASIENTO SECUNDARIO DE MATERIA - TERMINO TEMATICO
Término de materia o nombre geográfico como elemento de entrada ASISTENCIA A LA UNIVERSIDAD
9 (RLIN) 5490
650 #4 - ASIENTO SECUNDARIO DE MATERIA - TERMINO TEMATICO
Término de materia o nombre geográfico como elemento de entrada Estudiantes
Subdivisión general Condiciones sociales
9 (RLIN) 22513
650 #4 - ASIENTO SECUNDARIO DE MATERIA - TERMINO TEMATICO
Término de materia o nombre geográfico como elemento de entrada Estudiantes
Subdivisión general Condiciones económicas
9 (RLIN) 22514
650 #4 - ASIENTO SECUNDARIO DE MATERIA - TERMINO TEMATICO
Término de materia o nombre geográfico como elemento de entrada Estudiantes
Subdivisión geográfica Francia
Subdivisión general Condiciones sociales
9 (RLIN) 13960
700 1# - ASIENTO SECUNDARIO--NOMBRE DE PERSONAL
Nombre de persona Passeron, Jean Claude,
Fechas asociadas al nombre 1930-
Término indicativo de función/relación coaut.
9 (RLIN) 28599
905 ## - TIPO DE MATERIAL
Tipo de material Libro
Holdings
Estado de retiro Estado de pérdida Fuente del sistema de clasificación o colocación Estado dañado No para préstamo Código de colección Localización permanente Ubicación/localización actual Ubicación en estantería Fecha de adquisición Total de préstamos Renovaciones totales Clasificación Código de barras Fecha visto por última vez Fecha del último préstamo Número de copia Tipo de ítem Koha En préstamo
    Library of Congress Classification     Colección General Bib. Gregorio Torres Quintero Bib. Gregorio Torres Quintero Planta baja 09/11/2022 44 1 LC148 B6.3 237011 22/10/2025 08/10/2025 1 Libro  
    Library of Congress Classification     Colección General Bib. Gregorio Torres Quintero Bib. Gregorio Torres Quintero Planta baja 08/11/2022 58 1 LC148 B6.3 237041 16/01/2026 21/10/2025 1 Libro  
    Library of Congress Classification     Colección General Bib. Gregorio Torres Quintero Bib. Gregorio Torres Quintero Planta baja   17   LC148 B6.3 237042 31/12/2020   1 Libro  
    Library of Congress Classification     Colección General Bib. Gregorio Torres Quintero Bib. Gregorio Torres Quintero Planta baja 09/11/2022 48 2 LC148 B6.3 248128 21/10/2025 07/10/2025 1 Libro  
    Library of Congress Classification     Colección General Bib. Gregorio Torres Quintero Bib. Gregorio Torres Quintero Planta baja   23   LC148 B6.3 241401 31/12/2020   1 Libro 25/10/2013